Statistics for Who Did That Hip Hop Song #1

Click here to take the quiz!

General Stats

  • This quiz has been taken 36,081 times
    (5,651 since last reset)
  • The average score is 13 of 24

Answer Stats

Year Song Musical Act % Correct
2002Lose YourselfEminem
91%
200499 ProblemsJay-Z
87%
2018God's PlanDrake
82%
2003Hey Ya!Outkast
81%
1995Big PoppaNotorious B.I.G.
74%
1994Gin and JuiceSnoop Dogg
72%
1988Straight Outta ComptonN.W.A.
71%
1995Gangsta's ParadiseCoolio
71%
2017HUMBLE.Kendrick Lamar
70%
2004Jesus WalksKanye West
70%
2002Hot in HerreNelly
62%
1986Walk This WayRun-D.M.C.
52%
1987Push ItSalt-N-Pepa
46%
1996Killing Me SoftlyFugees
46%
2000Thong SongSisqo
43%
1994SabotageBeastie Boys
43%
1993Insane in the BrainCypress Hill
39%
1979Rapper's DelightThe Sugarhill Gang
36%
20133005Childish Gambino
35%
1990911 Is a JokePublic Enemy
27%
1982The MessageGrandmaster Flash
26%
1991O.P.P.Naughty by Nature
24%
1988Paid in FullEric B. & Rakim
20%
1990The Humpty DanceDigital Underground
16%

Score Distribution

Percentile by Number Answered

Percent of People with Each Score

Your Score History

You have not taken this quiz since the last reset